LEADER 00560nam 2200205zu 450 001 9911061767003321 005 20260204174758.0 035 $a(CKB)45195558000041 035 $a(EXLCZ)9945195558000041 100 $a20260204|2023uuuu || | 101 0 $aita 135 $aur||||||||||| 200 10$aCorso di scienza delle finanze 210 $cSocietā editrice il Mulino, Spa$d2023 311 08$a88-15-41057-0 700 $aBosi$b Paolo$0460415 906 $aBOOK 912 $a9911061767003321 996 $aCorso di scienza delle finanze$94538670 997 $aUNINA